Top 20 Biggest Middle East Metropolitan Areas - Statistics

General Stats
  • This quiz has been taken 16 times
  • The average score is 17 of 20
Answer Stats
City Population % Correct
Ankara 5,200,000
100%
Baghdad 7,800,000
100%
Istanbul 16,500,000
100%
Kuwait City 4,900,000
100%
Tehran 15,900,000
100%
Amman 6,700,000
93%
Cairo 21,700,000
93%
Damascus 3,300,000
93%
Mecca 2,400,000
93%
Riyadh 7,500,000
93%
Tel Aviv 4,200,000
93%
Alexandria 6,400,000
87%
Dubai 6,000,000
87%
Jeddah 4,500,000
87%
Sana'a 3,100,000
87%
Izmir 3,100,000
80%
Dammam 2,800,000
67%
Isfahan 3,400,000
60%
Mashhad 3,500,000
60%
Bursa 2,200,000
53%
No matching quizzes found
Score Distribution
Percent of People with Each Score
Percentile by Number Answered
Your Score History
You have not taken this quiz